000 01267cas a2200253 a 4500
001 11504355
003 OSt
005 20241122195025.0
008 241122d19361946enk x w 0 0eng c
050 0 0 _aKD288 / ELR45
_b.A64 1945
245 0 4 _aThe all England law reports annotated:
_bof cases decided in the House of Lords, the Privy Council, all divisions of the Supreme Court and Courts of special jurisdiction /
_n1945 - VOLUME 2
260 _aLondon :
_bLaw Journal,
_c1936-1946.
300 _axxvi, 724 pages
_c24 cm
650 0 _aLaw reports, digests, etc.
_zGreat Britain.
650 7 _aLaw reports, digests, etc.
_2fast
_0(OCoLC)fst00994106
700 _aRoland Burrows, K.C. (Recorder of Cambridge. Managing Editor of Halsbury's Laws of England, Hailsham Edition)
_eConsulting Editor
700 _aHarold Christie, K.C. (Bencher of Lincoln's Inn)
_eConsulting Editor for Chancery Cases
700 _aCyril King, K. C. (Bencher of Middle Temple)
_eConsulting Editor for Taxation Cases
700 _aP. F. Skottowe, LL.B. of Middle Temple, Barrister-at-Law
_eGeneral Editor
710 1 _aGreat Britain.
_bParliament.
_bHouse of Lords.
710 1 _aGreat Britain.
_bPrivy Council.
710 1 _aGreat Britain.
_bSupreme Court of Judicature.
942 _2lcc
_cBK
_n0
999 _c1500
_d1500